Pretty Little Liars 'What Episode?' Quiz Stats

 Plays Quiz not verified by Sporcle

Challenge
Share
Tweet
Embed
Score 0/33 Timer 10:00
0 Plays Today
Hint Answer % Correct
Hanna gets hit by a carkeep your friends close
56.7%
Aria saves Spencer from passing out in the locked steam roomhot water
56.7%
Spencer vandalizes Toby's mom's memorialdead to me
54.4%
Spencer and Mona compete for position of Scholastic Decathlon captainmona mania
53%
Spencer breaks down completely and is admitted into Radley Sanitariumout of sight, out of mind
52.1%
Hanna, Emily and Aria search Melissa's apartment and find the Black Swan featherbirds of a feather
52.1%
The girls try to block texts from unknown numbers, only to make things worsecan you hear me now?
51.6%
Hanna finds the key to 'A's lair after she is attacked in an empty storemisery loves company
50.7%
Spencer and Emily break into Jason's shed out of suspicionpicture this
50.2%
Garrett is arrested at Spencer's houseif these dolls could talk
49.8%
Spencer finds out that Jason is her half brotherthe naked truth
48.8%
Spencer is tricked into letting Ezra know that he has a sonout of the frying pan, into the inferno
48.4%
Emily's shoulder is badly injured turn of the shoe
47.9%
The girls discover that Jenna can see againblood is the new black
46.5%
Caleb and Toby work together to track down red coatcrash and burn, girl
46%
Caleb starts to hack into A's phonea hot piece of A
45.6%
Emily is given an anonymous massagetouched by an angel
44.7%
Hint Answer % Correct
Hanna saves Jenna from the fire at Jason's houseeye of the beholder
44.7%
Hanna tells Caleb that 'A' is indeed backthe kahn game
44.7%
Emily first realizes that she was drugged the night Ali's grave was dug upthat girl is poison
43.7%
Toby becomes fed up with Spencer keeping secrets from him and walks out on herstolen kisses
43.3%
Lucas takes Hanna out on a Canoe ride a hot piece of a
43.3%
Shana tells Spencer that Jenna is afraid of CeCe Drakeinto the deep
43.3%
Paige kisses Emily for the first time (before Em knew she was gay too)the new normal
43.3%
A flashback is seen where Alison and the girls crash a college partythe badass seed
43.3%
Emily moves into the DiLaurentis housethe mirror has three faces
42.3%
Hanna drops her phone in water to stop her mom from seeing her texts from Afather knows best
42.3%
Emily finds the key Ali hid in the snowglobemonsters in the end
42.3%
A makes Hanna break Lucas' heart in return for the money her mother stolecareful what u wish 4
41.4%
Hanna and Emily are locked in Noel's Cabinwhat lies beneath
40.5%
CeCe tells Spencer that Paige and Alison hated each othersingle fright female
38.6%
The girls discover Alison disguised herself as Vivian Darkblooma kiss before lying
37.2%
A shows the girls the rest of the incriminating video of Ian and Ali at the kissing rockthe devil you know
34.4%

You're not logged in!

Compare scores with friends on all Sporcle quizzes.
OR
Log In

You Might Also Like...

Show Comments

Extras

Created Sep 26, 2013ReportNominate
Tags:pll, Pretty Little Liars

Top Quizzes Today


Score Distribution

Your Account Isn't Verified!

In order to create a playlist on Sporcle, you need to verify the email address you used during registration. Go to your Sporcle Settings to finish the process.

Report this User

Report this user for behavior that violates our Community Guidelines.

Details: